STN EN 13108-3: 2017 (73 6163), Asfaltové zmesi. Požiadavky na materiály Časť 3 Mäkká asfaltová úprava
Táto norma je slovenskou verziou európskej normy EN 13108-3: 2016. Preklad zabezpečil Úrad pre normalizáciu, metrológiu a skúšobníctvo Slovenskej republiky. Táto norma má rovnaké postavenie, ako majú oficiálne verzie
| Other Authors: | |
|---|---|
| Format: | Book |
| Language: | Slovak English |
| PhysicalDescription: | 32 s. tab. 30 cm |
| Published: |
Bratislava
Úrad pre normalizáciu, metrológiu a skúšobníctvo Slovenskej republiky
2017
|
| Subjects: |
MARC
| LEADER | 00000cam a2200000 a 4500 | ||
|---|---|---|---|
| 001 | vtls011719343 | ||
| 003 | SK-MaSNL | ||
| 005 | 20260302090617.0 | ||
| 008 | 171107s2017 xo a f u 000 0 slo | ||
| 015 | |a SNBN2018 | ||
| 040 | |a SNK |b slo |c SNK |e AACR2 | ||
| 041 | 1 | |a slo |h eng | |
| 044 | |a xo |c SK | ||
| 046 | |a s |m 201711 (účin.) | ||
| 072 | 7 | |a 624 |x Stavebné inžinierstvo |2 konspekt | |
| 072 | 7 | |a 625 |x Pozemné komunikácie. Železničné staviteľstvo |2 konspekt | |
| 072 | 7 | |a 665 |x Oleje. Tuky. Vosky. Spojivá. Živice |2 konspekt | |
| 080 | |a 625.7/.8 |2 2011 | ||
| 080 | |a 006.7/.8 |2 2001 | ||
| 080 | |a (437.6) |2 2001 | ||
| 080 | |a (4) |2 2001 | ||
| 080 | |a 624 |2 2011 | ||
| 080 | |a 665.775.4 |2 2011 | ||
| 080 | |a (083) |2 2011 | ||
| 084 | |a 93.080.20 |2 ICS | ||
| 130 | 0 | |a STN 73 6163 (STN EN 13108-3) |9 758166 | |
| 245 | 1 | 0 | |a STN EN 13108-3: 2017 (73 6163), Asfaltové zmesi. Požiadavky na materiály |n Časť 3 |p Mäkká asfaltová úprava |
| 246 | 1 | 0 | |a Asfaltové zmesi |
| 246 | 1 | 0 | |a Požiadavky na materiály |
| 246 | 1 | 0 | |a Mäkká asfaltová úprava |
| 246 | 3 | 0 | |a EN 13108-3: 2016 SK |
| 260 | |a Bratislava |b Úrad pre normalizáciu, metrológiu a skúšobníctvo Slovenskej republiky |c 2017 | ||
| 300 | |a 32 s. |b tab. |c 30 cm | ||
| 500 | |a Súbežný názov v angličtine, francúzštine, nemčine | ||
| 500 | |a Spracovateľ: Ján Gillinger | ||
| 500 | |a Táto norma nahrádza anglickú verziu STN EN 13108-3 z decembra 2016, ktorá od 1.12.2016 nahradila STNEN 13108-3 z októbra 2006 v celom rozsahu | ||
| 504 | |a Normatívne referenčné dokumenty, súvisiace právne predpisy s. 2-3 | ||
| 520 | 8 | |a Táto norma je slovenskou verziou európskej normy EN 13108-3: 2016. Preklad zabezpečil Úrad pre normalizáciu, metrológiu a skúšobníctvo Slovenskej republiky. Táto norma má rovnaké postavenie, ako majú oficiálne verzie | |
| 540 | |a STN vydané na akomkoľvek nosiči sa môžu rozmnožovať a rozširovať iba so súhlasom určenej právnickej osoby |b SÚTN Bratislava |c zákon 264/1999 Z. z. | ||
| 650 | 0 | 7 | |a cestné staviteľstvo |2 SNKPH |9 51013 |
| 650 | 0 | 7 | |a technické normy a štandardy |z Slovensko |2 SNKPH |9 79594 |
| 650 | 0 | 7 | |a technické normy a štandardy |z krajiny Európskej únie |2 SNKPH |9 289341 |
| 650 | 0 | 7 | |a pozemné staviteľstvo |2 SNKPH |9 68234 |
| 650 | 0 | 7 | |a asfaltové zmesi |2 SNKPH |9 51236 |
| 650 | 0 | 7 | |a Asphalt concrete |2 SNKPHeng |9 309838 |
| 650 | 0 | 7 | |a Highway constructing |2 SNKPHeng |9 52165 |
| 655 | 7 | |a normy |2 SNKPH |9 70643 | |
| 700 | 1 | |a Gillinger, Ján |4 trl |9 320900 | |
| 710 | 1 | |a Slovensko. |b Úrad pre normalizáciu, metrológiu a skúšobníctvo |4 stn |9 158117 | |
| 710 | 2 | |a Slovenský ústav technickej normalizácie (Bratislava, Slovensko). |b Technická komisia č. 94 Cestné staviteľstvo |4 stn |9 307007 | |
| 852 | |a Štátna vedecká knižnica v Banskej Bystrici | ||
| 958 | |a OP | ||
| 958 | |a NB | ||
| 999 | |c 1197384 |d 1199314 | ||
| 952 | |a SNK |b SNK |y PREZ |7 0 |p 17A1305473 |o snkSTN EN 13108-3 |i snk2017/28137 |8 0 |0 0 |1 0 |4 0 |d 2017-12-19 |l 0 |r 2026-02-24 22:31:06 |w 2026-02-24 | ||
| 952 | |a SNK |b SNK |y PREZ |7 0 |p 17A1305474 |o snkSTN EN 13108-3 D1 |i snk2017/28138 |8 0 |0 0 |1 0 |4 0 |d 2017-12-19 |l 0 |r 2026-02-24 22:31:06 |w 2026-02-24 | ||


